[Event "Santiago de Compostela Bicapawn GP Rap"]
[Site "Santiago de Compostela"]
[Date "2022.10.22"]
[Round "4"]
[White "Martinez Fernandez, David"]
[Black "Van Dael, Siem"]
[Result "1/2-1/2"]
[WhiteElo "1847"]
[BlackElo "2359"]
[PlyCount "132"]
[EventDate "2022.10.22"]
[EventType "swiss (rapid)"]
[EventRounds "9"]
[EventCountry "ESP"]
[SourceTitle "CBM 210 Extra"]
[Source "ChessBase"]
[SourceDate "2022.11.30"]
[SourceVersion "1"]
[SourceVersionDate "2022.11.30"]
[SourceQuality "1"]

1. d4 Nf6 2. c4 g6 3. Nc3 Bg7 4. e4 d6 5. h3 0-0 6. Nf3 c6 7. Be2 a6 8. Be3 b5 9. cxb5 axb5 10. e5 Nfd7 11. exd6 exd6 12. 0-0 d5 13. a3 Re8 14. Qd2 Nf6 15. Bd3 Nbd7 16. Rac1 Ne4 17. Qc2 Ndf6 18. Ne2 Bd7 19. Bf4 Rc8 20. Ne5 c5 21. Nxd7 Nxd7 22. dxc5 Ndxc5 23. Bxb5 Re6 24. b4 g5 25. Be3 Rb8 26. bxc5 Rxb5 27. Nd4 Bxd4 28. Bxd4 Rc6 29. Qa4 Qb8 30. Rfd1 Nxc5 31. Qc2 Qc8 32. Qe2 Nb3 33. Rxc6 Qxc6 34. Qe5 Nxd4 35. Qxg5+ Qg6 36. Qxg6+ hxg6 37. Rxd4 Rb3 38. Rxd5 Rxa3 39. Kh2 Kg7 40. f3 Ra2 41. Kg3 Rb2 42. h4 Ra2 43. h5 gxh5 44. Rxh5 Ra4 45. Rh4 Ra2 46. Rg4+ Kf6 47. Kh4 Ra1 48. Kg3 Ra2 49. Rb4 Kg7 50. f4 Kf6 51. Rb5 Rc2 52. Kf3 Kg7 53. g4 Rc4 54. g5 Rc3+ 55. Kg4 Rc4 56. Rb6 Ra4 57. Kf5 Ra5+ 58. Kg4 Ra4 59. Rb7 Rc4 60. Re7 Ra4 61. Kf5 Ra5+ 62. Re5 Ra4 63. Kg4 Rb4 64. Rf5 Ra4 65. Kh5 Rb4 66. Rf6 Ra4 1/2-1/2